LIBRARY & INFORMATION CENTRE, KCAET, TAVANUR

ONLINE PUBLIC ACCESS CATALOGUE (OPAC)

Thermal Engineering : Mechanical Engineering, Vol I / (Record no. 1341)

MARC details
000 -LEADER
fixed length control field 00397cam a2200157ua 4500
003 - CONTROL NUMBER IDENTIFIER
control field OSt
008 - FIXED-LENGTH DATA ELEMENTS--GENERAL INFORMATION
fixed length control field 250306b |||||||| |||| 00| 0 eng d
041 ## - LANGUAGE CODE
Language code of text/sound track or separate title eng
082 ## - DEWEY DECIMAL CLASSIFICATION NUMBER
Classification number 621.402
Item number BAL/TH
100 ## - MAIN ENTRY--AUTHOR NAME
Personal name Ballaney, P.L .
245 ## - TITLE STATEMENT
Title Thermal Engineering : Mechanical Engineering, Vol I /
250 ## - EDITION STATEMENT
Edition statement 14 /
260 ## - PUBLICATION, DISTRIBUTION, ETC. (IMPRINT)
Place of publication :
Name of publisher Khanna publishers ,
Year of publication 1985.
300 ## - PHYSICAL DESCRIPTION
Number of Pages 1734 ; .
942 ## - ADDED ENTRY ELEMENTS (KOHA)
Koha item type Books
Holdings
Withdrawn status Lost status Damaged status Home library Current library Shelving location Date acquired Full call number Accession Number Koha item type
    Damaged KAUAET KAUAET Binding Shelf 26/03/1986 621.402 15168 Books
      KAUAET KAUAET Binding Shelf 26/03/1986 621.402 15148 Books
      KAUAET KAUAET   26/03/1986 621.402 BAL/TH 15154 Books
      KAUAET KAUAET   26/03/1986 621.402 BAL/TH 15169 Books
      KAUAET KAUAET   26/03/1986 621.402 15149 Books
      KAUAET KAUAET Binding Shelf 26/03/1986 621.402 15155 Books
      KAUAET KAUAET   26/03/1986 621.402 BAL/TH 15170 Books
    Damaged KAUAET KAUAET Binding Shelf 26/03/1986 621.402 15150 Books
      KAUAET KAUAET Binding Shelf 26/03/1986 621.402 15172 Books
      KAUAET KAUAET Binding Shelf 26/03/1986 621.402 BAL/TH 15157 Books
      KAUAET KAUAET   26/03/1986 621.402 BAL/TH 15162 Books
      KAUAET KAUAET Binding Shelf 26/03/1986 621.402 15163 Books
    Damaged KAUAET KAUAET   26/03/1986   15161 Books
      KAUAET KAUAET   26/03/1986 621.402 BAL/TH 15158 Books
      KAUAET KAUAET   26/03/1986 621.402 BAL/TH 15160 Books
      KAUAET KAUAET   26/03/1986 621.402 BAL/TH 15156 Books
free website counter